000 00648nam a2200253Ia 4500
001 38016
005 20240114001953.0
007 ta
008 070622s g b000 u 465 u
040 _aCotton College,Assam
041 _a465
082 _a954
_bG 875 M
100 _aGriffiths, P.J. .
245 0 _aModern India /
_cP.J.Griffiths.
_hTextual Documents
250 _a1st ed. /
260 _aShillong :
_bThe Modern Book Depot. ,
_cNd.
300 _a255p. ;
_c22cm.
653 _aHistory-India
653 _aModern Indian History
653 _aG-History
942 _2ddc
_cBK
999 _c37992
_d37992